000 00601nam a2200181 4500
001 109567
003 ES-MaACL
005 20230906184852.0
007 t|
008 061121s1973 sp r ||||1| spa d
100 1 _aMitscherlich, Alexander.
_981709
245 1 0 _aFundamentos del comportamiento colectivo... /
_cAlexander y Margarete Mitscherlich; Versión... Andrés Sánchez Pascual.
260 _aMadrid :
_bAlianza,
_c1973.
300 _a343 p. ;
_c20 cm.
700 1 _aMitscherlich, Margarete.
_981710
700 1 _aSánchez Pascual, Andrés.
_9102833
852 _aES-MaACL
_jC-54063
_bR.86789
999 _c109567
_d109567